Culture Générale - Clic Quiz - La réponse est en emoji par IA #34 - Statistiques

Statistiques générales
  • Ce quiz a été pris 211 fois
  • Le résultat moyen est 21 sur 40
Statistiques - réponses
Hint Réponse % Correct
Pikachu
90%
Usain Bolt
89%
Bulbizarre
88%
Hercule
85%
Charlemagne
84%
Ted
84%
Thanos
83%
Claude Makelele
83%
Wolverine
83%
Adil Rami
76%
Évoli
76%
Daredevil
74%
Usher
72%
Ant Man
71%
Taylor Lautner (Jacob Black dans Twilight)
63%
Paul Walker
61%
Peter Griffin
55%
Constantin Ier
55%
Franz Beckenbauer
55%
Ibrahim Maalouf
53%
Heath Ledger
52%
Iron Fist
52%
James Lafferty (Nathan Scott dans Les Frères Scott)
49%
Mark Wahlberg
48%
Chad Michael Murray (Lucas Scott dans Les Frères Scott)
44%
Hector Berlioz
38%
John Kerry
36%
Eddie Van Halen
36%
David Gilmour (Pink Floyd)
35%
Sweeney Todd
35%
Grim Reaper
34%
Luciano Spalletti
27%
Larry David
26%
Jon Bernthal
24%
Kerry King (Slayer)
24%
James Madison
21%
Nicolas Vassiliévitch Gogol
21%
Tobin Bell
14%
Richard Stallman
13%
Goran Bregović
9%
Aucun quiz correspondant
Distribution des résultats
% des personnes avec chaque résultat
Percentile par nombre de réponses
Votre historique - résultats
Vous n’avez pas pris ce quiz